| 000 | 00479nam a22001817a 4500 | ||
|---|---|---|---|
| 003 | NUST | ||
| 005 | 20260304115407.0 | ||
| 008 | 260304b ||||| |||| 00| 0 eng d | ||
| 020 | _a978-1071606841 | ||
| 082 |
_a720.47 _bROB |
||
| 100 |
_aRobert A. Meyers. _954063 |
||
| 245 |
_aSustainable Built Environments / _cRobert A. Meyers. |
||
| 250 | _a2nd Edition | ||
| 260 |
_aNew York: _bSpringer, _c2020. |
||
| 300 |
_a713 ; _c36.00 cm |
||
| 563 | _aHardcover | ||
| 942 |
_2ddc _cBK |
||
| 999 |
_c616499 _d616499 |
||